00790nam a2200181 a 450000100100000000500170001000800410002702000150006804000250008308200150010824501540012324600270027726000570030430000280036170000300038995201720041999900170059100004565720201002052354.0150422s1980 mx a 000 0 spa d a9682601770 aDO-SdBNPbspacBNPHU axxxxbxxxx00aManual de diabetes joslin :bpreparado por Médicos de la Joslin Clinic Division /cLeo P Krall; Joslin Diabetes Foundation. Joslin Clinic Division.10aJoslin diabetes manual aMéxico :bCompañia Editorial Continental,c1980. a339 p. :bil. ;c23 cm.12aKrall, Leo P.eed.973720 001050718MOaPDbPDcCTd2015-04-22iLF1l0oxxxx xxxxp45657-10r2020-06-25w2020-06-25y1zPerteneció a la biblioteca personal de Erick Landestoy.ZNo se presta c45146d45146